SQUIRREL AND DUCK : (Record no. 203794)

MARC details
000 -LEADER
fixed length control field 01254nam a2200277 i 4500
003 - CONTROL NUMBER IDENTIFIER
control field OSt
005 - DATE AND TIME OF LATEST TRANSACTION
control field 20260412102216.0
008 - FIXED-LENGTH DATA ELEMENTS--GENERAL INFORMATION
fixed length control field 260412s2025 enka cr 000 1 eng d
020 ## - INTERNATIONAL STANDARD BOOK NUMBER
International Standard Book Number 9781526665638
Terms of availability RM 64.40
Qualifying information paperback
040 ## - CATALOGING SOURCE
Original cataloging agency PPAK
Language of cataloging eng
Transcribing agency PPAK
Description conventions rda
082 04 - DEWEY DECIMAL CLASSIFICATION NUMBER
Edition number 23
Classification number 823.92
090 00 - LOCALLY ASSIGNED LC-TYPE CALL NUMBER (OCLC); LOCAL CALL NUMBER (RLIN)
Classification number (OCLC) (R) ; Classification number, CALL (RLIN) (NR) 823.92
Feature heading PER
Feature heading K
100 1# - MAIN ENTRY--PERSONAL NAME
Personal name Percival, Tom,
Dates associated with a name 1977-
Relator term author.
245 10 - TITLE STATEMENT
Title SQUIRREL AND DUCK :
Remainder of title MISSION IMPROBABLE /
Statement of responsibility, etc. TOM PERCIVAL
264 #1 - PRODUCTION, PUBLICATION, DISTRIBUTION, MANUFACTURE, AND COPYRIGHT NOTICE
Place of production, publication, distribution, manufacture London, England :
Name of producer, publisher, distributor, manufacturer BLOOMSBURY CHILDREN'S BOOKS,
Date of production, publication, distribution, manufacture, or copyright notice 2025
300 ## - PHYSICAL DESCRIPTION
Extent 225 pages :
Other physical details illustrations ;
Dimensions 20 cm
336 ## - CONTENT TYPE
Content type term text
Source rdacontent
337 ## - MEDIA TYPE
Media type term unmediated
Source rdamedia
338 ## - CARRIER TYPE
Carrier type term volume
Source rdacarrier
520 ## - SUMMARY, ETC.
Summary, etc. Meet Squirrel and Duck. One is jolly and has a beak. The other is irritable and has a bushy tail. But which is which? Here's a clue... Duck is a duck and Squirrel is a squirrel. When disaster strikes and their secret home gets demolished, they head out in search of a new one. But it won't be easy, because the one thing Squirrel and Duck can't quite deal with is each other!<br/>
650 10 - SUBJECT ADDED ENTRY--TOPICAL TERM
Topical term or geographic name entry element Squirrels
Form subdivision Juvenile fiction
Topical term or geographic name entry element Ducks
Form subdivision Juvenile fiction
Topical term or geographic name entry element Animals
Form subdivision Juvenile fiction
655 #7 - INDEX TERM--GENRE/FORM
Genre/form data or focus term Children's stories
942 ## - ADDED ENTRY ELEMENTS (KOHA)
Source of classification or shelving scheme Dewey Decimal Classification
Koha item type Book
Holdings
Withdrawn Not for loan Current library Shelving location Date acquired Total Checkouts Full call number Barcode Date last seen Koha item type
    Perpustakaan Alor Setar Pinjaman Kanak-kanak 26/04/2026   K 823.92 PER A01915075 26/04/2026 Book
    Perpustakaan Awam Sungai Petani Pinjaman Kanak-kanak 26/04/2026   K 823.92 PER A01915076 26/04/2026 Book